[Event "38. Biel International - Dames Accentus"]
[Site "Biel SUI"]
[Date "2005.07.17"]
[Round "1.1"]
[White "Gaponenko, Inna"]
[Black "Skripchenko, Almira"]
[Result "1/2-1/2"]
[WhiteElo "2439"]
[BlackElo "2437"]
[PlyCount "55"]
[EventDate "2005.07.18"]
[EventType "tourn"]
[EventRounds "10"]
[EventCountry "SUI"]
[EventCategory "7"]
[Source "lmi"]
[SourceDate "2005.07.27"]

1. e4 c5 2. Nf3 Nc6 3. Bb5 g6 4. O-O Bg7 5. c3 Nf6 6. Re1 O-O 7. d4 d5 8. e5
Ne4 9. Bxc6 bxc6 10. Nbd2 cxd4 11. cxd4 c5 12. dxc5 Nxc5 13. Nb3 Nxb3 14. Qxb3
d4 15. Bg5 h6 16. Bh4 g5 17. Bg3 Bg4 18. Qd3 Qd5 19. Re4 Bxf3 20. Rxd4 Qb7 21.
Qxf3 Qxb2 22. Qd1 f5 23. f4 gxf4 24. Bxf4 Rab8 25. Rd2 Qb6+ 26. Rf2 Qe6 27. Qf3
Kh7 28. Re1 1/2-1/2

[Event "38. Biel International - Dames Accentus"]
[Site "Biel SUI"]
[Date "2005.07.17"]
[Round "1.2"]
[White "Paehtz, Elisabeth"]
[Black "Sedina, Elena"]
[Result "1/2-1/2"]
[WhiteElo "2421"]
[BlackElo "2402"]
[PlyCount "57"]
[EventDate "2005.07.18"]
[EventType "tourn"]
[EventRounds "10"]
[EventCountry "SUI"]
[EventCategory "7"]
[Source "lmi"]
[SourceDate "2005.07.27"]

1. e4 e6 2. d4 d5 3. Nc3 Nf6 4. e5 Nfd7 5. f4 c5 6. Nf3 Nc6 7. Ne2 b5 8. g3 b4
9. Be3 Qb6 10. Bh3 a5 11. O-O Ba6 12. Re1 Bxe2 13. Rxe2 Nxd4 14. Nxd4 cxd4 15.
Bf2 Be7 16. c3 bxc3 17. bxc3 Nc5 18. Bxd4 O-O 19. f5 exf5 20. Bxf5 Qc6 21. Rb1
g6 22. Bh3 Rab8 23. Reb2 Rxb2 24. Rxb2 Na4 25. Rb3 Nc5 26. Rb1 Ne4 27. Qd3 Bc5
28. Bg2 Rc8 29. Re1 1/2-1/2

[Event "38. Biel International - Dames Accentus"]
[Site "Biel SUI"]
[Date "2005.07.18"]
[Round "2.1"]
[White "Skripchenko, Almira"]
[Black "Korbut, Ekaterina"]
[Result "1-0"]
[WhiteElo "2437"]
[BlackElo "2409"]
[PlyCount "83"]
[EventDate "2005.07.18"]
[EventType "tourn"]
[EventRounds "10"]
[EventCountry "SUI"]
[EventCategory "7"]
[Source "lmi"]
[SourceDate "2005.07.27"]

1. e4 c5 2. Nf3 Nc6 3. Bb5 g6 4. O-O Bg7 5. c3 Nf6 6. e5 Nd5 7. Re1 O-O 8. d4
cxd4 9. cxd4 Nc7 10. Nc3 Nxb5 11. Nxb5 a6 12. Nc3 d6 13. h3 dxe5 14. d5 Nd4 15.
Nxe5 Nb5 16. a4 Nd6 17. Bf4 Qb6 18. Re2 a5 19. Ra3 Rd8 20. Rb3 Qa6 21. Nb5 Nxb5
22. axb5 Qf6 23. Rf3 Qf5 24. g4 Qe6 25. Nc6 bxc6 26. Rxe6 Bxe6 27. b6 Bxd5 28.
b7 Rab8 29. Bxb8 Rxb8 30. Rb3 e6 31. Rb6 c5 32. Qa4 Rxb7 33. Qe8+ Bf8 34. Ra6
f5 35. Rxa5 Rxb2 36. Ra7 Rb1+ 37. Kh2 Bb7 38. Qxe6+ Kh8 39. Qe5+ Kg8 40. Qe6+
Kh8 41. Qd7 Rh1+ 42. Kg3 1-0

[Event "38. Biel International - Dames Accentus"]
[Site "Biel SUI"]
[Date "2005.07.18"]
[Round "2.2"]
[White "Sedina, Elena"]
[Black "Vijayalakshmi, Subbaraman"]
[Result "0-1"]
[WhiteElo "2402"]
[BlackElo "2414"]
[PlyCount "74"]
[EventDate "2005.07.18"]
[EventType "tourn"]
[EventRounds "10"]
[EventCountry "SUI"]
[EventCategory "7"]
[Source "lmi"]
[SourceDate "2005.07.27"]

1. e4 e5 2. Nf3 Nc6 3. Bc4 Bc5 4. c3 Nf6 5. d3 d6 6. O-O a6 7. Bb3 Ba7 8. Nbd2
Ne7 9. h3 Ng6 10. Re1 Nh5 11. Nf1 Nhf4 12. d4 Qe7 13. Ng3 O-O 14. Be3 Qf6 15.
Nh5 Qe7 16. Bxf4 Nxf4 17. Nxf4 exf4 18. e5 c6 19. Qd2 d5 20. Qxf4 Be6 21. Rad1
Rae8 22. Bc2 h6 23. Qg3 Bb8 24. Nh4 Bc7 25. f4 Bd8 26. Ng6 fxg6 27. Qxg6 Rxf4
28. Rf1 Re4 29. Bxe4 dxe4 30. Qxe4 Bxa2 31. Qd3 Qe6 32. Rf2 Bh4 33. Rf4 Bg5 34.
Rf2 Bb3 35. Ra1 Rd8 36. Qe2 Bc4 37. Qh5 Be3 0-1

[Event "38. Biel International - Dames Accentus"]
[Site "Biel SUI"]
[Date "2005.07.19"]
[Round "3.2"]
[White "Vijayalakshmi, Subbaraman"]
[Black "Gaponenko, Inna"]
[Result "1/2-1/2"]
[WhiteElo "2414"]
[BlackElo "2439"]
[PlyCount "88"]
[EventDate "2005.07.18"]
[EventType "tourn"]
[EventRounds "10"]
[EventCountry "SUI"]
[EventCategory "7"]
[Source "lmi"]
[SourceDate "2005.07.27"]

1. d4 f5 2. Nf3 Nf6 3. g3 g6 4. Bg2 Bg7 5. O-O O-O 6. c4 d6 7. Nc3 Qe8 8. d5
Na6 9. Nd4 Bd7 10. Rb1 c6 11. b4 Rc8 12. dxc6 bxc6 13. b5 cxb5 14. Bb7 Rxc4 15.
Bxa6 Rxc3 16. Bxb5 e5 17. Bxd7 Qxd7 18. Nb5 Rc6 19. Ba3 Rd8 20. Nxd6 Qe6 21.
Qa4 Rcxd6 22. Bxd6 Rxd6 23. Qxa7 Bf8 24. Rfd1 Ra6 25. Qb8 Rxa2 26. Rb6 Nd7 27.
Rxe6 Nxb8 28. Rd8 Kf7 29. Rb6 Na6 30. Rb7+ Kg8 31. Re7 Rd2 32. Ra8 Rd6 33. Rxe5
Nc7 34. Rc8 Ne6 35. Ra5 Rd8 36. Rc4 Rd7 37. e3 Kf7 38. h4 h5 39. Rc6 Bg7 40.
Raa6 Re7 41. Rab6 Bf6 42. Kg2 Bg7 43. Kf1 Bh8 44. Kg2 Kg8 1/2-1/2

[Event "38. Biel International - Dames Accentus"]
[Site "Biel SUI"]
[Date "2005.07.19"]
[Round "3.3"]
[White "Korbut, Ekaterina"]
[Black "Sedina, Elena"]
[Result "1-0"]
[WhiteElo "2409"]
[BlackElo "2402"]
[PlyCount "83"]
[EventDate "2005.07.18"]
[EventType "tourn"]
[EventRounds "10"]
[EventCountry "SUI"]
[EventCategory "7"]
[Source "lmi"]
[SourceDate "2005.07.27"]

1. e4 e6 2. d4 d5 3. Nc3 Nf6 4. e5 Nfd7 5. f4 c5 6. Nf3 Nc6 7. Be3 a6 8. Qd2 b5
9. dxc5 Bxc5 10. O-O-O Qb6 11. Bxc5 Nxc5 12. Bd3 b4 13. Ne2 b3 14. cxb3 Nb4 15.
Bb1 Bd7 16. Nc3 Rc8 17. Nd4 Ne4 18. Bxe4 Nxa2+ 19. Kc2 dxe4 20. Nf5 Bb5 21.
Nd6+ Kf8 22. Ndxb5 axb5 23. Qd4 Qa5 24. Ra1 Nb4+ 25. Kd2 Qd8 26. Qxd8+ Rxd8+
27. Ke2 Nd5 28. g3 Nxc3+ 29. bxc3 f5 30. Rhd1 Kf7 31. Ra7+ Kg6 32. Rda1 Rc8 33.
Re7 Rxc3 34. Raa7 Rg8 35. Rxe6+ Kh5 36. Rd6 Rxb3 37. e6 Rc8 38. Rxg7 h6 39. Rd2
Re8 40. Rd5 Rb2+ 41. Kd1 Rf8 42. e7 1-0

[Event "38. Biel International - Dames Accentus"]
[Site "Biel SUI"]
[Date "2005.07.20"]
[Round "4.1"]
[White "Vijayalakshmi, Subbaraman"]
[Black "Skripchenko, Almira"]
[Result "0-1"]
[WhiteElo "2414"]
[BlackElo "2437"]
[PlyCount "94"]
[EventDate "2005.07.18"]
[EventType "tourn"]
[EventRounds "10"]
[EventCountry "SUI"]
[EventCategory "7"]
[Source "lmi"]
[SourceDate "2005.07.27"]

1. d4 Nf6 2. c4 e6 3. Nc3 Bb4 4. e3 O-O 5. Bd3 d5 6. Nge2 Re8 7. O-O b6 8. f3
Bb7 9. a3 Bf8 10. e4 c5 11. cxd5 cxd4 12. Nb5 exd5 13. e5 Rxe5 14. Bf4 Re7 15.
Rc1 Nc6 16. Nd6 Na5 17. Nxd4 Nh5 18. Nxb7 Rxb7 19. Be3 Rc7 20. Bb1 Nc4 21. Nb5
Nxb2 22. Qb3 Rxc1 23. Bxc1 Bc5+ 24. Kh1 Nc4 25. Qd3 Qh4 26. f4 Nf6 27. Nc7 Rd8
28. h3 b5 29. Nxb5 Ne4 30. Kh2 Rb8 31. Ba2 Nf2 32. Qe2 Ng4+ 33. Kh1 h5 34. f5
Rxb5 35. Qe8+ Kh7 36. Qxf7 Nf6 37. Bh6 Qg3 38. Bf4 Qd3 39. Qg6+ Kg8 40. Re1 Bf8
41. Bh6 Rb7 42. Re6 Rf7 43. a4 Qf1+ 44. Kh2 Bd6+ 45. Rxd6 Nxd6 46. Bxd5 Nxd5
47. Qxd6 Qxf5 0-1

[Event "38. Biel International - Dames Accentus"]
[Site "Biel SUI"]
[Date "2005.07.20"]
[Round "4.2"]
[White "Korbut, Ekaterina"]
[Black "Paehtz, Elisabeth"]
[Result "1/2-1/2"]
[WhiteElo "2409"]
[BlackElo "2421"]
[PlyCount "139"]
[EventDate "2005.07.18"]
[EventType "tourn"]
[EventRounds "10"]
[EventCountry "SUI"]
[EventCategory "7"]
[Source "lmi"]
[SourceDate "2005.07.27"]

1. e4 c5 2. Nf3 e6 3. d4 cxd4 4. Nxd4 a6 5. Bd3 Bc5 6. Nb3 Ba7 7. O-O Nc6 8.
Qe2 d6 9. Be3 Nge7 10. c4 O-O 11. Nc3 e5 12. Rfd1 Ng6 13. Qd2 Be6 14. Bxa7 Nxa7
15. Bf1 Nf4 16. g3 Nh3+ 17. Bxh3 Bxh3 18. Qxd6 Qg5 19. Qd2 Qh5 20. Qe3 Bg4 21.
Rd5 Nc6 22. f4 exf4 23. gxf4 f5 24. e5 Bf3 25. Rd2 Qg4+ 26. Kf1 Qh3+ 27. Ke1
Qh5 28. Rf2 Bg4 29. Nd5 Rae8 30. Nc5 Nxe5 31. fxe5 f4 32. Qd4 Rxe5+ 33. Kd2
Rfe8 34. Qxf4 Rf5 35. Qxf5 Bxf5 36. Raf1 Qg5+ 37. Kc3 g6 38. Nxb7 Rf8 39. Nd6
Qd8 40. Nxf5 Rxf5 41. Rxf5 gxf5 42. Rxf5 Qa5+ 43. Kd4 Qd2+ 44. Kc5 Qxb2 45. Kc6
Kg7 46. c5 Qxa2 47. Kd7 Qb1 48. Re5 Qb7+ 49. Nc7 a5 50. c6 Qa7 51. Kd6 a4 52.
Ne8+ Kf7 53. c7 Qd4+ 54. Rd5 Qb6+ 55. Ke5 Qe3+ 56. Kd6 Qb6+ 57. Ke5 Qe3+ 58.
Kd6 Qxe8 59. Rf5+ Kg6 60. Re5 Qc8 61. Rb5 Qa6+ 62. Kc5 Qc8 63. Kc6 a3 64. Ra5
a2 65. Rxa2 Qe6+ 66. Kb5 Qxa2 67. c8=Q Qxh2 68. Kc6 Kf7 69. Kc5 Kg6 70. Kd5
1/2-1/2

[Event "38. Biel International - Dames Accentus"]
[Site "Biel SUI"]
[Date "2005.07.20"]
[Round "4.3"]
[White "Sedina, Elena"]
[Black "Gaponenko, Inna"]
[Result "0-1"]
[WhiteElo "2402"]
[BlackElo "2439"]
[PlyCount "90"]
[EventDate "2005.07.18"]
[EventType "tourn"]
[EventRounds "10"]
[EventCountry "SUI"]
[EventCategory "7"]
[Source "lmi"]
[SourceDate "2005.07.27"]

1. e4 e5 2. Bc4 Nf6 3. d3 c6 4. Nf3 d5 5. Bb3 a5 6. a3 a4 7. Ba2 Bd6 8. Nc3 Bc7
9. Bg5 d4 10. Ne2 Be6 11. Bxe6 fxe6 12. c3 c5 13. cxd4 cxd4 14. b3 Nbd7 15.
bxa4 Nc5 16. O-O Qd7 17. Qc2 b6 18. Bd2 Qxa4 19. Rfc1 Kd7 20. Ne1 Rhc8 21. Qa2
Bd6 22. Rc4 Qb3 23. Bb4 Qxa2 24. Rxa2 Ncxe4 25. Rxc8 Kxc8 26. Rc2+ Nc5 27. f4
exf4 28. Nxd4 Kd7 29. Nb5 e5 30. d4 exd4 31. Rd2 Nb3 32. Rd3 Bxb4 33. axb4 Kc6
34. Nxd4+ Nxd4 35. Rxd4 g5 36. h4 Ra1 37. Kf1 h6 38. hxg5 hxg5 39. Ke2 Ng4 40.
g3 Ra2+ 41. Kf1 Ne3+ 42. Kg1 Ra1 43. gxf4 Rxe1+ 44. Kf2 gxf4 45. Rxf4 Rf1+ 0-1

[Event "38. Biel International - Dames Accentus"]
[Site "Biel SUI"]
[Date "2005.07.21"]
[Round "5.1"]
[White "Skripchenko, Almira"]
[Black "Sedina, Elena"]
[Result "1/2-1/2"]
[WhiteElo "2437"]
[BlackElo "2402"]
[PlyCount "29"]
[EventDate "2005.07.18"]
[EventType "tourn"]
[EventRounds "10"]
[EventCountry "SUI"]
[EventCategory "7"]
[Source "lmi"]
[SourceDate "2005.07.27"]

1. e4 e6 2. d4 d5 3. exd5 exd5 4. Nf3 Bd6 5. c4 Nf6 6. Nc3 O-O 7. cxd5 Re8+ 8.
Be2 Nbd7 9. O-O Nb6 10. Bg5 h6 11. Bh4 Be7 12. Bb5 Bd7 13. Bxd7 Nfxd7 14. Bxe7
Rxe7 15. d6 1/2-1/2

[Event "38. Biel International - Dames Accentus"]
[Site "Biel SUI"]
[Date "2005.07.21"]
[Round "5.2"]
[White "Gaponenko, Inna"]
[Black "Korbut, Ekaterina"]
[Result "1-0"]
[WhiteElo "2439"]
[BlackElo "2409"]
[PlyCount "51"]
[EventDate "2005.07.18"]
[EventType "tourn"]
[EventRounds "10"]
[EventCountry "SUI"]
[EventCategory "7"]
[Source "lmi"]
[SourceDate "2005.07.27"]

1. e4 c5 2. c3 Nf6 3. e5 Nd5 4. Nf3 Nc6 5. d4 cxd4 6. Bc4 e6 7. cxd4 d6 8. O-O
Be7 9. Qe2 O-O 10. Re1 dxe5 11. dxe5 b6 12. Nc3 Nxc3 13. bxc3 Bb7 14. Bd3 Na5
15. Nd4 g6 16. Bh6 Re8 17. Qg4 Qd5 18. h4 Bf8 19. Bxf8 Rxf8 20. h5 Qd7 21. hxg6
hxg6 22. Re3 Rfe8 23. Rg3 Qc7 24. Qf4 Kf8 25. Bxg6 Nc4 26. Qf6 1-0

[Event "38. Biel International - Dames Accentus"]
[Site "Biel SUI"]
[Date "2005.07.21"]
[Round "5.3"]
[White "Paehtz, Elisabeth"]
[Black "Vijayalakshmi, Subbaraman"]
[Result "1-0"]
[WhiteElo "2421"]
[BlackElo "2414"]
[PlyCount "45"]
[EventDate "2005.07.18"]
[EventType "tourn"]
[EventRounds "10"]
[EventCountry "SUI"]
[EventCategory "7"]
[Source "lmi"]
[SourceDate "2005.07.27"]

1. e4 e5 2. Nf3 Nc6 3. Bb5 a6 4. Ba4 Nf6 5. d3 d6 6. c3 Be7 7. O-O O-O 8. Re1
Bg4 9. Nbd2 Qc8 10. h3 Bh5 11. Nf1 Ne8 12. g4 Bg6 13. Ng3 h5 14. Nf5 hxg4 15.
hxg4 Bxf5 16. gxf5 g6 17. Bh6 Ng7 18. Kf1 gxf5 19. Ke2 fxe4 20. Rg1 exf3+ 21.
Kd2 Rd8 22. Rxg7+ Kf8 23. Rg8+ 1-0

[Event "38. Biel International - Dames Accentus"]
[Site "Biel SUI"]
[Date "2005.07.22"]
[Round "6.1"]
[White "Skripchenko, Almira"]
[Black "Gaponenko, Inna"]
[Result "1/2-1/2"]
[WhiteElo "2437"]
[BlackElo "2439"]
[PlyCount "51"]
[EventDate "2005.07.18"]
[EventType "tourn"]
[EventRounds "10"]
[EventCountry "SUI"]
[EventCategory "7"]
[Source "lmi"]
[SourceDate "2005.07.27"]

1. e4 c5 2. Nf3 d6 3. d4 cxd4 4. Nxd4 Nf6 5. Nc3 g6 6. Be3 Bg7 7. f3 O-O 8. Qd2
Nc6 9. Bc4 Bd7 10. O-O-O Qa5 11. Kb1 Rfc8 12. Bb3 Ne5 13. Bg5 Nc4 14. Bxc4 Rxc4
15. Bxf6 Bxf6 16. Nd5 Qxd2 17. Nxf6+ Kg7 18. Nh5+ Kh6 19. Rxd2 Kxh5 20. Ne2 Be6
21. c3 Rac8 22. Nf4+ Kg5 23. Nd5 Bxd5 24. Rxd5+ Kf6 25. Kc2 h5 26. h4 1/2-1/2

[Event "38. Biel International - Dames Accentus"]
[Site "Biel SUI"]
[Date "2005.07.22"]
[Round "6.3"]
[White "Korbut, Ekaterina"]
[Black "Vijayalakshmi, Subbaraman"]
[Result "0-1"]
[WhiteElo "2409"]
[BlackElo "2414"]
[PlyCount "92"]
[EventDate "2005.07.18"]
[EventType "tourn"]
[EventRounds "10"]
[EventCountry "SUI"]
[EventCategory "7"]
[Source "lmi"]
[SourceDate "2005.07.27"]

1. e4 e5 2. Nf3 Nc6 3. Bb5 a6 4. Ba4 Nf6 5. O-O Be7 6. Re1 b5 7. Bb3 d6 8. c3
O-O 9. h3 Nb8 10. d4 Nbd7 11. Nbd2 Bb7 12. Bc2 Re8 13. Nf1 Bf8 14. Ng3 g6 15.
a4 Bg7 16. Bd3 c6 17. Bg5 Nf8 18. Be3 Qc7 19. Qc1 Ne6 20. Bc2 Nd7 21. Bh6 Bh8
22. Qe3 exd4 23. cxd4 c5 24. dxc5 dxc5 25. axb5 axb5 26. Rxa8 Bxa8 27. b3 Ne5
28. Ne2 Bc6 29. Nd2 Nd4 30. Bb1 Nd7 31. Bf4 Qa5 32. Qg3 Nf8 33. e5 Bxe5 34. Kf1
Bxf4 35. Qxf4 Bxg2+ 36. Kxg2 Nxe2 37. Rxe2 Rxe2 38. Ne4 Rxe4 39. Bxe4 Qb4 40.
Qe5 Ne6 41. Qb8+ Kg7 42. Qe5+ Kh6 43. Bd5 Qf4 44. Qe3 Kg7 45. Kf1 Kf6 46. Ke2
Qe5 0-1

[Event "38. Biel International - Dames Accentus"]
[Site "Biel SUI"]
[Date "2005.07.24"]
[Round "7.1"]
[White "Korbut, Ekaterina"]
[Black "Skripchenko, Almira"]
[Result "0-1"]
[WhiteElo "2409"]
[BlackElo "2437"]
[PlyCount "138"]
[EventDate "2005.07.18"]
[EventType "tourn"]
[EventRounds "10"]
[EventCountry "SUI"]
[EventCategory "7"]
[Source "lmi"]
[SourceDate "2005.07.27"]

1. e4 c5 2. Nf3 Nc6 3. d4 cxd4 4. Nxd4 Nf6 5. Nc3 e5 6. Ndb5 d6 7. Bg5 a6 8.
Na3 b5 9. Nd5 Be7 10. Bxf6 Bxf6 11. c3 O-O 12. Nc2 Rb8 13. Be2 Bg5 14. Qd3 Be6
15. Rd1 a5 16. a3 Ne7 17. h4 Bh6 18. Nce3 Bxe3 19. Nxe3 Rb6 20. Bg4 Bb3 21. Rd2
Qc7 22. Be2 Rc8 23. O-O Qb8 24. Qb1 h6 25. Rc1 Be6 26. Bg4 Bxg4 27. Nxg4 b4 28.
axb4 axb4 29. Qa2 Qb7 30. f3 Rbc6 31. Rcd1 bxc3 32. bxc3 h5 33. Nf2 Ra8 34. Qc2
Qc7 35. Rd3 Ra3 36. Rc1 Qa7 37. Qd2 Ra2 38. Qe3 Qxe3 39. Rxe3 Rb6 40. Nd1 d5
41. g3 Rg6 42. Nf2 Rxg3+ 43. Kf1 dxe4 44. Nxe4 Rh3 45. Nf2 Rh2 46. Re2 Rxe2 47.
Kxe2 Rxh4 48. c4 Nc6 49. Ke3 Rd4 50. Ne4 h4 51. c5 f6 52. Rh1 Rb4 53. Nd6 g6
54. Rg1 Kh7 55. Ne4 Kg7 56. Nd6 g5 57. Ra1 Kg6 58. Ra8 Ne7 59. Kf2 Rb2+ 60. Kg1
Rc2 61. Ne4 Nd5 62. Rd8 Nf4 63. Rd6 Nh5 64. c6 Kf5 65. Kh1 Ng3+ 66. Nxg3+ hxg3
67. c7 Rxc7 68. Kg2 Rc3 69. Ra6 Re3 0-1

[Event "38. Biel International - Dames Accentus"]
[Site "Biel SUI"]
[Date "2005.07.24"]
[Round "7.2"]
[White "Vijayalakshmi, Subbaraman"]
[Black "Sedina, Elena"]
[Result "1-0"]
[WhiteElo "2414"]
[BlackElo "2402"]
[PlyCount "73"]
[EventDate "2005.07.18"]
[EventType "tourn"]
[EventRounds "10"]
[EventCountry "SUI"]
[EventCategory "7"]
[Source "lmi"]
[SourceDate "2005.07.27"]

1. Nf3 Nf6 2. g3 d5 3. Bg2 c6 4. O-O Bg4 5. b3 e6 6. Bb2 Nbd7 7. d3 Bd6 8. Nbd2
O-O 9. h3 Bh5 10. e4 e5 11. Qe1 Re8 12. Kh1 a5 13. a3 Qc7 14. Nh4 Bf8 15. f4
exf4 16. gxf4 dxe4 17. dxe4 Rad8 18. Nf5 Bg6 19. Ng3 Nh5 20. Nxh5 Bxh5 21. Qh4
g6 22. Rae1 Be7 23. Qg3 Bf6 24. e5 Bg7 25. Ne4 Kh8 26. Qf2 Rf8 27. Ng3 Qb6 28.
Bd4 c5 29. Bc3 Rde8 30. Qd2 Nb8 31. f5 Rg8 32. f6 Bf8 33. Bd5 Qc7 34. Rg1 Rd8
35. Nxh5 gxh5 36. Rxg8+ Kxg8 37. Qg5+ 1-0

[Event "38. Biel International - Dames Accentus"]
[Site "Biel SUI"]
[Date "2005.07.25"]
[Round "8.2"]
[White "Gaponenko, Inna"]
[Black "Vijayalakshmi, Subbaraman"]
[Result "1/2-1/2"]
[WhiteElo "2439"]
[BlackElo "2414"]
[PlyCount "93"]
[EventDate "2005.07.18"]
[EventType "tourn"]
[EventRounds "10"]
[EventCountry "SUI"]
[EventCategory "7"]
[Source "lmi"]
[SourceDate "2005.07.27"]

1. e4 e5 2. Nf3 Nc6 3. Bb5 a6 4. Bxc6 dxc6 5. O-O Bg4 6. h3 h5 7. d3 Qf6 8.
Nbd2 Ne7 9. Nc4 Bxf3 10. Qxf3 Qxf3 11. gxf3 Ng6 12. Rd1 Bd6 13. Kf1 O-O-O 14.
c3 c5 15. Ke2 Nf8 16. a3 Ne6 17. b4 cxb4 18. axb4 Rhe8 19. Be3 g6 20. Rg1 Rg8
21. b5 axb5 22. Nxd6+ cxd6 23. Rgb1 Kc7 24. Rxb5 Ra8 25. Rab1 Ra2+ 26. Kf1 Rb8
27. d4 f6 28. d5 Nf4 29. Bxf4 exf4 30. R1b4 Ra6 31. Rc4+ Kd7 32. Kg2 h4 33. Kh2
Kd8 34. Kg2 g5 35. Kh2 Ra7 36. Rb6 Kd7 37. Kg2 Rd8 38. Kf1 Ke7 39. Rc7+ Rd7 40.
Rc8 Ra1+ 41. Kg2 Ra7 42. c4 Ra6 43. Rb4 b6 44. Rh8 Rc7 45. Rh7+ Kd8 46. Rh8+
Ke7 47. Rh7+ 1/2-1/2

[Event "38. Biel International - Dames Accentus"]
[Site "Biel SUI"]
[Date "2005.07.25"]
[Round "8.3"]
[White "Sedina, Elena"]
[Black "Korbut, Ekaterina"]
[Result "1-0"]
[WhiteElo "2402"]
[BlackElo "2409"]
[PlyCount "35"]
[EventDate "2005.07.18"]
[EventType "tourn"]
[EventRounds "10"]
[EventCountry "SUI"]
[EventCategory "7"]
[Source "lmi"]
[SourceDate "2005.07.27"]

1. e4 c5 2. Nf3 a6 3. c4 d6 4. d4 Bg4 5. dxc5 Bxf3 6. gxf3 Qa5+ 7. Nc3 Qxc5 8.
Be3 Qc6 9. Bg2 Nd7 10. Rc1 Ngf6 11. O-O g5 12. e5 dxe5 13. f4 Qc8 14. fxg5 Ng8
15. Qa4 e6 16. Ne4 Be7 17. c5 Kf8 18. Rfd1 1-0

[Event "38. Biel International - Dames Accentus"]
[Site "Biel SUI"]
[Date "2005.07.26"]
[Round "9.1"]
[White "Sedina, Elena"]
[Black "Skripchenko, Almira"]
[Result "1/2-1/2"]
[WhiteElo "2402"]
[BlackElo "2437"]
[PlyCount "42"]
[EventDate "2005.07.18"]
[EventType "tourn"]
[EventRounds "10"]
[EventCountry "SUI"]
[EventCategory "7"]
[Source "lmi"]
[SourceDate "2005.07.27"]

1. e4 c5 2. Nf3 e6 3. c3 Nf6 4. e5 Nd5 5. d4 cxd4 6. cxd4 d6 7. Nc3 Nc6 8. Bd3
dxe5 9. dxe5 Bb4 10. O-O Nxc3 11. bxc3 Bxc3 12. Rb1 Bxe5 13. Nxe5 Nxe5 14. Bb5+
Bd7 15. Qe2 Bxb5 16. Qxe5 Bxf1 17. Qxg7 Qd1 18. Ba3 Qxb1 19. Qxh8+ Kd7 20. Qd4+
Ke8 21. Qh8+ Kd7 1/2-1/2

[Event "38. Biel International - Dames Accentus"]
[Site "Biel SUI"]
[Date "2005.07.26"]
[Round "9.2"]
[White "Korbut, Ekaterina"]
[Black "Gaponenko, Inna"]
[Result "1-0"]
[WhiteElo "2409"]
[BlackElo "2439"]
[PlyCount "111"]
[EventDate "2005.07.18"]
[EventType "tourn"]
[EventRounds "10"]
[EventCountry "SUI"]
[EventCategory "7"]
[Source "lmi"]
[SourceDate "2005.07.27"]

1. e4 e5 2. Nf3 Nf6 3. Nxe5 d6 4. Nf3 Nxe4 5. Nc3 Nxc3 6. dxc3 Be7 7. Be3 Nc6
8. Qd2 Ne5 9. O-O-O O-O 10. Kb1 a6 11. Ne1 c5 12. h3 Be6 13. f4 Qa5 14. a3 Nc4
15. Bxc4 Bxc4 16. f5 Rfe8 17. Nd3 Bf6 18. Bf4 d5 19. g4 d4 20. cxd4 Qxd2 21.
Rxd2 Bxd4 22. c3 Bxd3+ 23. Rxd3 Be5 24. Bc1 Re7 25. Rhd1 Kf8 26. a4 Ke8 27. Rd5
Rc8 28. a5 f6 29. Kc2 c4 30. Re1 Rd7 31. Rxd7 Kxd7 32. Re4 Kd6 33. h4 Kd5 34.
Re2 h6 35. Be3 Ke4 36. Bxh6+ Kf3 37. Re3+ Kxg4 38. Bxg7 Rg8 39. Rxe5 Rxg7 40.
Rc5 Kxh4 41. Rxc4+ Kg5 42. Rc5 Kf4 43. b4 Re7 44. Kb3 Ke4 45. c4 Kd4 46. Rd5+
Ke4 47. b5 axb5 48. Rxb5 Rg7 49. Kb4 Rh7 50. Rd5 Rh1 51. Kc5 Rc1 52. Kb6 Rxc4
53. Rb5 Rc1 54. Rd5 Kf3 55. Re5 Kg4 56. Rc5 1-0

[Event "38. Biel International - Dames Accentus"]
[Site "Biel SUI"]
[Date "2005.07.26"]
[Round "9.3"]
[White "Vijayalakshmi, Subbaraman"]
[Black "Paehtz, Elisabeth"]
[Result "1-0"]
[WhiteElo "2414"]
[BlackElo "2421"]
[PlyCount "67"]
[EventDate "2005.07.18"]
[EventType "tourn"]
[EventRounds "10"]
[EventCountry "SUI"]
[EventCategory "7"]
[Source "lmi"]
[SourceDate "2005.07.27"]

1. Nf3 Nf6 2. g3 g6 3. Bg2 Bg7 4. O-O d6 5. d4 O-O 6. c4 Nc6 7. Nc3 a6 8. h3
Rb8 9. a4 Nd7 10. Rb1 Na5 11. b3 c5 12. e4 e6 13. Be3 b6 14. Qd2 Bb7 15. d5
exd5 16. exd5 Bc8 17. Bg5 Qc7 18. Rfe1 Nf6 19. g4 Bd7 20. Qf4 Ne8 21. Qe3 Nf6
22. Nd2 Kh8 23. Qg3 Nb7 24. Bf4 Rbd8 25. Nce4 Nxe4 26. Nxe4 Bc8 27. Re2 Kg8 28.
Rbe1 b5 29. g5 bxc4 30. Nf6+ Kh8 31. Qh4 Bxf6 32. gxf6 Qd7 33. Qh6 Rg8 34. Bg5
1-0

[Event "38. Biel International - Dames Accentus"]
[Site "Biel SUI"]
[Date "2005.07.27"]
[Round "10.1"]
[White "Skripchenko, Almira"]
[Black "Vijayalakshmi, Subbaraman"]
[Result "0-1"]
[WhiteElo "2437"]
[BlackElo "2414"]
[PlyCount "110"]
[EventDate "2005.07.18"]
[EventType "tourn"]
[EventRounds "10"]
[EventCountry "SUI"]
[EventCategory "7"]
[Source "lmi"]
[SourceDate "2005.07.27"]

1. e4 e5 2. Nf3 Nc6 3. d4 exd4 4. Nxd4 Bb4+ 5. c3 Bc5 6. Nxc6 bxc6 7. Bd3 Ne7
8. O-O Ng6 9. Kh1 Ne5 10. f4 Nxd3 11. Qxd3 Be7 12. c4 O-O 13. Nc3 f5 14. Nd5
Rb8 15. Nxe7+ Qxe7 16. e5 c5 17. b3 Bb7 18. Ba3 Be4 19. Qe3 d6 20. Rad1 Rb6 21.
Rd2 Ra6 22. Bc1 dxe5 23. fxe5 Rg6 24. Ba3 Rd8 25. Rff2 Rxd2 26. Rxd2 h6 27.
Bxc5 Qxe5 28. Bd4 Qe6 29. Kg1 Qc6 30. g3 a6 31. Bc3 Kh7 32. Rf2 Qd7 33. Rd2 Qf7
34. Rf2 Re6 35. Qd4 Qg6 36. c5 Bc6 37. Qf4 Be4 38. Qxc7 Qg5 39. Qf4 Qe7 40. b4
a5 41. a3 axb4 42. axb4 Qa7 43. Qe3 Rg6 44. Qd4 Ba8 45. Kf1 Qa6+ 46. Ke1 Re6+
47. Kd2 Re7 48. Kc1 Be4 49. Qd6 Qa3+ 50. Kd2 Qa7 51. Ke1 Bd3+ 52. Kd2 Bb5 53.
Kc1 Qa3+ 54. Bb2 Re1+ 55. Kc2 Ba4+ 0-1

[Event "38. Biel International - Dames Accentus"]
[Site "Biel SUI"]
[Date "2005.07.27"]
[Round "10.2"]
[White "Paehtz, Elisabeth"]
[Black "Korbut, Ekaterina"]
[Result "1-0"]
[WhiteElo "2421"]
[BlackElo "2409"]
[PlyCount "49"]
[EventDate "2005.07.18"]
[EventType "tourn"]
[EventRounds "10"]
[EventCountry "SUI"]
[EventCategory "7"]
[Source "lmi"]
[SourceDate "2005.07.27"]

1. e4 c5 2. Nf3 Nc6 3. d4 cxd4 4. Nxd4 g6 5. Nc3 Bg7 6. Be3 Nf6 7. Bc4 O-O 8.
Bb3 e6 9. O-O b6 10. Re1 Ba6 11. f4 Ne7 12. a4 d5 13. e5 Nd7 14. Bf2 Nf5 15.
Nxf5 gxf5 16. Qh5 f6 17. Nxd5 exd5 18. e6 Nc5 19. e7 Qd7 20. exf8=Q+ Rxf8 21.
Rad1 Bb7 22. Bxc5 bxc5 23. c3 h6 24. Qe2 Rd8 25. Bxd5+ 1-0